|
|
|
|
| LEADER |
00853nam a2200217 a 4500 |
| 001 |
00025126 |
| 008 |
120531r20122006enka j 000 1 eng |
| 999 |
|
|
|c 12307
|d 12307
|
| 020 |
|
|
|a 9780194225458
|
| 040 |
|
|
|a BD-DhAAL
|c BD-DhAAL
|
| 082 |
0 |
4 |
|a 428.6
|
| 245 |
1 |
0 |
|a The goose girl /
|c edited by Sue Arengo ;[illustrated by Barbara Vagnozzi].
|
| 260 |
|
|
|a Oxford :
|b Oxford University Press,
|c c2006.[reprinted 2012]
|
| 300 |
|
|
|a 23 p. :
|b col. ill. ;
|c 25cm.
|
| 490 |
1 |
|
|a Classic tales ;
|v Elementary 2
|
| 541 |
1 |
|
|e 00025126
|
| 650 |
|
0 |
|a Readers (Elementary)
|9 49100
|
| 700 |
1 |
|
|a Arengo, Sue
|9 49101
|
| 852 |
1 |
|
|a BRAC Institute of Language (BIL)
|c General Stacks
|
| 942 |
|
|
|2 ddc
|c BK
|
| 952 |
|
|
|0 0
|1 0
|2 ddc
|4 0
|6 428_600000000000000_GOO
|7 0
|9 20350
|a BRACUL
|b BRACUL
|c GEN
|d 2012-05-31
|e Karim International
|l 1
|o 428.6 GOO
|p 3010025126
|r 2025-11-02
|s 2025-10-29
|t 1
|w 2012-05-31
|y BK
|